Normal view
MARC view
Entry Personal Name
001 - CONTROL NUMBER
- control field: 14438
003 - CONTROL NUMBER IDENTIFIER
- control field: BD-RjUL
005 - DATE AND TIME OF LATEST TRANSACTION
- control field: 20241126144841.0
008 - FIXED-LENGTH DATA ELEMENTS
- fixed length control field: 241126|| aca||aabn | a|a d
040 ## - CATALOGING SOURCE
- Original cataloging agency: BD-RjUL
- Transcribing agency: BD-RjUL
100 ## - HEADING--PERSONAL NAME
- Personal name: Khatun, Jesmin Ara
670 ## - SOURCE DATA FOUND
- Source citation: Work cat.: (BD-RjUL)84372: Khatun, Jesmin Ara, ECO-FRIENDLY MANAGEMENT OF APHID WITH BOTANICAL PESTICIDES IN EXPERIMENTAL BEAN FIELD AT RAJSHAHI, BANGLADESH /, 2023